Logo BPK

Biblioteka

Politechniki Koszalińskiej

Alternatives : (Rekord nr 47741)

Szczegóły MARC
000 -ETYKIETA REKORDU
podpole kontrolne o stałej długości 01073nam a2200289 i 4500
001 - NUMER KONTROLNY REKORDU
pole kontrolne bgj
020 ## - MIĘDZYNARODOWY ZNORMALIZOWANY NUMER KSIĄŻKI - ISBN
ISBN 0582037670 (pbk)
040 ## - ŹRÓDŁO KATALOGOWANIA
Instytucja, która utworzyła rekord BPK
041 0# - KOD JĘZYKA
Kod języka tekstu eng
920 ## - Międzynarodowy znormalizowany numer książki – ISBN
ISBN 0-582-03767-0 (pbk)
008 - POLE O STAŁEJ DŁUGOŚCI - DANE KONTROLNE
podpole kontrolne o stałej długości s uk f |000 0 eng
100 1# - NAZWA OSOBOWA
Nazwa osobowa BAUDAINS, Richard.
245 10 - TYTUŁ/ODPOWIEDZIALNOŚĆ
Tytuł Alternatives :
Ciąg dalszy tytułu games, exercises and conversations for the language classroom /
Pozostałe elementy strefy tytułu i oznaczenia odpowiedzialności Richard and Marjorie Baudains.
250 ## - STREFA WYDANIA
Oznaczenie wydania [3rd impr.].
260 ## - STREFA ADRESU WYDAWNICZEGO
Miejsce wydania Harlow, Essex :
Nazwa wydawcy/dystrybutora Longman,
Data publikacji, dystrybucji/powstania dokumentu 1991.
300 ## - STREFA OPISU FIZYCZNEGO
Objętość IX, 65 pp :
Inne cechy fizyczne fig. ;
Rozmiary 25 cm.
490 1# - STREFA SERII I DOKUMENTU WIELOCZĘŚCIOWEGO - FORMA NIE DO WYSZUKIWANIA
Tytuł i oznaczenie odpowiedzialności serii Pilgrims Longman resource books / [ed. by] Seth Lindstromberg
500 ## - UWAGI OGÓLNE
Tekst uwagi This book is produced in assoc. with Pilgrims Language Courses Limited of Canterbury, England.
500 ## - UWAGI OGÓLNE
Tekst uwagi 1st publ. 1990.
504 ## - UWAGA DOTYCZĄCA BIBLIOGRAFII
Informacje o bibliografii Bibliography p. 65.
650 #9 - HASŁO PRZEDMIOTOWE W FORMIE NAZWY OGÓLNEJ LUB JEDNOSTKOWEJ
Nazwa ogólna lub geograficzna English language
Określnik ogólny Study and teaching
-- Foreign speakers
650 #9 - HASŁO PRZEDMIOTOWE W FORMIE NAZWY OGÓLNEJ LUB JEDNOSTKOWEJ
Nazwa ogólna lub geograficzna Activity programmes in education
Określnik ogólny Language
650 #9 - HASŁO PRZEDMIOTOWE W FORMIE NAZWY OGÓLNEJ LUB JEDNOSTKOWEJ
Nazwa ogólna lub geograficzna Games in education
700 1# - HASŁO DODATKOWE - NAZWA OSOBOWA
Nazwa osobowa BAUDAINS, Marjorie.
830 #0 - HASŁO DODATKOWE SERII LUB DOKUMENTU WIELOCZĘŚCIOWEGO - TYTUŁ UJEDNOLICONY
Tytuł ujednolicony Pilgrims Longman resource books ([ed. by] Seth Lindstromberg)
856 ## - LOKALIZACJA I DOSTĘP DO ELEKTRONICZNYCH DOKUMENTÓW ZDALNYCH
Link (URL) http://koha.tu.koszalin.pl/cgi-bin/koha/opac-detail.pl?biblionumber=47741
Tekst linku Katalog online BPK
942 ## - DODATKOWE ELEMENTY (KOHA)
Typ dokumentu Książka
Egzemplarze
Wycofany Status egzemplarza Uszkodzony Dostępność Lokalizacja stała Lokalizacja bieżąca Miejsce przechowywania Sygnatura Kod kreskowy Typ dokumentu
      Tylko na miejscu Biblioteka Politechniki Koszalińskiej Biblioteka Politechniki Koszalińskiej Czytelnia Wydziałowa ul. Kwiatkowskiego 6e KA 4397 09033559 Książka
© 2023 Biblioteka Politechniki Koszalińskiej :: KOHA